Central Library OPAC University of Rajshahi

Linear topological spaces / (Record no. 50415)

MARC details
000 -LEADER
fixed length control field 00706nam a2200241 a 4500
001 - CONTROL NUMBER
control field 50415
003 - CONTROL NUMBER IDENTIFIER
rucl marc code BD-RjUL
005 - DATE AND TIME OF LATEST TRANSACTION
control field 20211209075514.0
008 - FIXED-LENGTH DATA ELEMENTS--GENERAL INFORMATION
fixed length control field 160827s1963 njua 001 0 eng d
035 ## - SYSTEM CONTROL NUMBER
System control number (BD-RjUL)50535
040 ## - CATALOGING SOURCE
Original cataloging agency BD-RjUL
Language of cataloging eng
Transcribing agency BD-RjUL
041 ## - LANGUAGE CODE
Language code of text/sound track or separate title eng
082 ## - DEWEY DECIMAL CLASSIFICATION NUMBER
Edition number 23
Classification number 514
Author mark and year KEL 1963
100 1# - MAIN ENTRY--PERSONAL NAME
Personal name Kelley. John L.
9 (RLIN) 151066
245 10 - TITLE STATEMENT
Title Linear topological spaces /
Statement of responsibility, etc. by J.L. Kelley et al
260 ## - PUBLICATION, DISTRIBUTION, ETC. (IMPRINT)
Place of publication, distribution, etc. Princeton, N.J :
Name of publisher, distributor, etc. Van Nostrand,
Date of publication, distribution, etc. 1963
300 ## - PHYSICAL DESCRIPTION
Pagination xv, 256 p. ;
Size 24 cm
490 1# - SERIES STATEMENT
Series statement The University series in higher mathematics
504 ## - BIBLIOGRAPHY, ETC. NOTE
Bibliography, etc Bibliography: p.248
650 #0 - SUBJECT ADDED ENTRY--TOPICAL TERM
Topical term or geographic name as entry element Linear topological spaces
9 (RLIN) 151067
700 1# - ADDED ENTRY--PERSONAL NAME
Personal name Namioka, Isaac.
942 ## - ADDED ENTRY ELEMENTS (KOHA)
Source of classification or shelving scheme Dewey Decimal Classification
Koha item type Books
Holdings
Lost status Source of classification or shelving scheme Damaged status Not for loan Collection code Permanent Location Current Location Shelving location Date acquired Source of acquisition Cost, normal purchase price Total Checkouts Full call number Date last seen Copy number Koha item type
  Dewey Decimal Classification     Non-fiction Central Library, University of Rajshahi Central Library, University of Rajshahi   03/04/1965 Sweets & Zeitlinger 67.00   514 KEL 1963 27/08/2016 C-2 Books